=LDR 00000nam 2200000 4500 =001 INLIS000000000050682 =005 20170515103243 =035 ##$$a 0010-0517000335 =007 ta =008 170515###########################0###### =020 ##$$a 978-602-9212-43-3 =082 ##$$a 745.5 =084 ##$$a 745.5 BRI p =100 #$$a Brinalloy, Yuli =245 1#$$a Paper Quilling Panduan Berkreasi dan Berbisnis /$c Yuli Brinalloy =250 ##$$a Cet.1 =260 ##$$a Solo :$b Tiga Serangkai,$c 2012 =300 ##$$a 112 hlm. : $b Ilus ; $c 27 cm. =650 ##$$a PAPER QUILLING =990 ##$$a 83848384 =990 ##$$a 83848384 =990 ##$$a 31700247 =990 ##$$a 02201708384 =990 ##$$a 31700248 =990 ##$$a 31700247